Music Quiz

Random Music or Kpop Quiz

K-pop Albums Picture Click (2015) Quiz Stats

 Plays Quiz not verified by Sporcle

Score 0/36 Timer 07:00
0 Plays Today
% Correct
PSY - PSY Vol. 7
89.1%
Red Velvet - Ice Cream Cake
88.5%
EXO - Exodus
88.2%
f(x) - 4 Walls
83.3%
Seventeen - 17 Carat
81.5%
BTS - The Most Beautiful Moment in Life, Part 1
80.5%
4Minute - Crazy
78.3%
Bigbang - Made
77.5%
AOA - Heart Attack
77%
SNSD - Party
74.6%
VIXX - Chained Up
73.1%
Mamamoo - Pink Funky
68.6%
EXID - Ah Yeah
64%
Super Junior - Devil
61.6%
SHINee - Odd
57.6%
iKON - Welcome Back
45.1%
Twice - The Story Begins
43.6%
TVXQ - Rise As God
41.8%
% Correct
IU - Chat-Shire
40.4%
Jonghyun - Story Op.1
38.6%
DAY6 - The Day
35.8%
Zico - Boys And Girls
34.8%
HyunA - A+
33.9%
2PM - No.5
33%
Super Junior D&E - The Beat Goes On
28.3%
Crush - Oasis
25.9%
Gain - Hawwah
25%
BTOB - Complete
24.8%
B2ST - Ordinary
22.8%
Infinite - Reality
22.6%
LeeSSang - Kaleidoscope
20.8%
Lim Kim - Simple Mind
17.6%
F.T. Island - I Will
16.7%
Shinhwa - WE
16.6%
Gary - 2002
15.7%
Primary & Ohhyuk - Lucky You!
11.5%

You're not logged in!

Compare scores with friends on all Sporcle quizzes.
OR
Log In

Sporcle TV

Today on Sporcle TV


Watch our educational content, quiz creation guides, and fun videos on Sporcle TV.

Show Comments

Extras

Top Quizzes Today


Score Distribution

Your Account Isn't Verified!

In order to create a playlist on Sporcle, you need to verify the email address you used during registration. Go to your Sporcle Settings to finish the process.

Report this User

Report this user for behavior that violates our Community Guidelines.

Details: